Communes les plus peuplées des départements de Nouvelle-Aquitaine - Statistiques

Statistiques générales
  • Ce quiz a été pris 219 fois
  • Le résultat moyen est 29 sur 60
Statistiques - réponses
% Correct
Gironde #1 Bordeaux 259 809
96%
Charente-Maritime #1 La Rochelle 77 210
96%
Pyrénées-Atlantiques #1 Pau 75 665
93%
Pyrénées-Atlantiques #2 Bayonne 52 006
92%
Dordogne #1 Périgueux 29 255
92%
Vienne #1 Poitiers 90 033
91%
Charente #1 Angoulême 41 407
90%
Landes #1 Mont-de-Marsan 29 953
89%
Deux-Sèvres #1 Niort 58 966
88%
Pyrénées-Atlantiques #4 Biarritz 25 885
87%
Haute-Vienne #1 Limoges 130 592
87%
Corrèze #1 Brive-la-Gaillarde 45 910
84%
Landes #2 Dax 21 044
84%
Lot-et-Garonne #1 Agen 32 214
83%
Gironde #2 Mérignac 74 009
83%
Corrèze #2 Tulle 14 314
82%
Gironde #3 Pessac 65 866
80%
Charente-Maritime #2 Saintes 25 412
77%
Creuse #1 Guéret 12 698
76%
Dordogne #2 Bergerac 26 360
75%
Charente-Maritime #3 Rochefort 23 410
72%
Charente-Maritime #4 Royan 18 638
67%
Pyrénées-Atlantiques #3 Anglet 40 310
66%
Charente #2 Cognac 18 606
64%
Dordogne #4 Sarlat-la-Canéda 8 788
64%
Vienne #2 Châtellerault 31 573
57%
Gironde #4 Talence 44 359
56%
Lot-et-Garonne #2 Villeneuve-sur-Lot 21 690
52%
Lot-et-Garonne #3 Marmande 17 265
47%
Deux-Sèvres #2 Bressuire 19 862
45%
Pyrénées-Atlantiques #5 Hendaye 17 621
44%
Creuse #2 La Souterraine 4 953
44%
Deux-Sèvres #4 Parthenay 10 108
43%
Corrèze #3 Ussel 9 162
41%
Landes #4 Biscarosse 14 034
39%
Creuse #3 Aubusson 3 181
38%
Gironde #5 Villenave-d'Ornon 38 444
37%
Deux-Sèvres #3 Thouars 13 917
32%
Haute-Vienne #2 Saint-Junien 11 295
29%
Landes #3 Saint-Paul-lès-Dax 14 126
22%
Charente #3 Soyaux 9 969
22%
Charente-Maritime #5 Aytré 9 397
19%
Dordogne #3 Boulazac Isle Manoire 10 738
19%
Charente #4 La Couronne 7 742
18%
Landes #5 Tarnos 12 914
16%
Vienne #3 Buxerolles 10 001
14%
Charente #5 Saint-Yrieix-sur-Charente 7 499
14%
Corrèze #4 Malemort 8 050
13%
Haute-Vienne #5 Isle 7 869
12%
Haute-Vienne #3 Panazol 11 002
12%
Lot-et-Garonne #5 Tonneins 9 213
12%
Vienne #4 Jaunay-Marigny 7 664
11%
Vienne #5 Saint-Benoît 7 308
11%
Creuse #5 Bourganeuf 2 462
10%
Haute-Vienne #4 Couzeix 9 612
9%
Lot-et-Garonne #4 Le Passage 9 352
8%
Deux-Sèvres #5 Mauléon 8 623
8%
Corrèze #5 Saint-Pantaléon-de-Larche 4 808
6%
Dordogne #5 Coulounieix-Chamiers 7 316
5%
Creuse #4 Sainte-Feyre 2 493
5%
Aucun quiz correspondant
Distribution des résultats
% des personnes avec chaque résultat
Percentile par nombre de réponses
Votre historique - résultats
Vous n’avez pas pris ce quiz